| 000 | 00386 a2200109 4500 | ||
|---|---|---|---|
| 245 |
_aFacts about Germany _b : the Federal Republic of Germany _hprint |
||
| 650 | _aTHE FEDERAL REPUBLIC OF GERMANY | ||
| 005 | 20191017172755.0 | ||
| 260 |
_aDeutschland _bPress and Information Office _c1975 |
||
| 084 | _aDD259.F32 | ||
| 300 |
_a476 p. : ill. _b 18 cm. _c476 p. : ill. ; 18 cm. |
||
| 500 | _aFirst-7th ed. by Helmut Arntz. | ||
| 999 |
_c9350 _d9350 |
||